00320nam a2200121Ia 4500008004100000041000800041082001400049100001800063245004500081260003500126300003000161365000700191240624s9999 xx 000 0 und d aeng a658.8 HUN aHUNT SHELBY D aFOUNDATIONS OF MARKETING THEORY TOWARD A c2003aNew DelhibPrentice-Hall axv, : 323 : p. : cm. ; 24 cRS